000 00994nam0a2200301 4500
001 RU\NLR\bibl\915541
005 20250614184853.0
010 _a5-699-09762-7
_93100
021 _aRU
_b2006-3706
_9167
035 _a(NLR Aleph) 000903850
090 _a9290
_c9290
100 _a20060313d2005 |||y0rusy50 ca
101 1 _arus
_ceng
102 _aRU
105 _ay |||||||||
200 1 _aСтерто с лица земли
_eроман
_fБарбара Колли
_g[пер. с англ. И. Юдиной]
210 _aМосква
_cЭксмо
_d2005
215 _a283, [1] с.
_d21
225 1 _aФантазии женщины среднего возраста
225 1 _aВпервые на русском языке!
686 1 _aШ6(7США)67-446{Лх1979-60}
700 1 _aКолли
_bБ.
_gБарбара
_4070
801 0 _aRU
_bNLR
_c20060313
_grcr
801 1 _aRU
_bNLR
_c20060313
942 _cBOOK
980 _aNB